| 000 | 01543cam a2200325 i 4500 | ||
|---|---|---|---|
| 999 |
_c5103 _d5103 |
||
| 001 | b0886989 | ||
| 003 | OSt | ||
| 005 | 20250618090811.0 | ||
| 008 | 240805t20212021enk e 000 1 eng d | ||
| 020 | _a9780008164980 | ||
| 040 |
_aAU@ _beng _cAU@ _dOCLCO _dOCLCF _dOCLCO _dYDX _dUKMGB _dNZGPL _dOCLCL _dTAE _dKH8 _erda |
||
| 042 | _anbic | ||
| 082 | _aFIC CHR | ||
| 100 | 1 |
_aChristie, Agatha, _d1890-1976, _eauthor. |
|
| 245 | 1 | 4 |
_aThe adventure of the Christmas pudding / _cAgatha Christie. |
| 264 | 1 |
_aLondon : _bHarperCollins Publishers, _c2016. |
|
| 264 | 4 | _c©2016. | |
| 300 |
_avi, 292 pages ; _c23 cm. |
||
| 336 |
_atext _btxt _2rdacontent. |
||
| 337 |
_aunmediated _bn _2rdamedia. |
||
| 338 |
_avolume _bnc _2rdacarrier. |
||
| 500 | _aFirst published in Great Britain by Collins, 1960. | ||
| 505 | 0 | _aThe adventure of the Christmas pudding -- The mystery of the Spanish chest -- The under dog -- Four-and-twenty blackbirds -- The dream -- Greenshaw's folly. | |
| 520 | _aSix stories, first collected together by Dame Agatha herself, to celebrate one of her favourite times of year. Eccentric millionaires, grand country houses, missing jewels and corpses abound in five baffling cases worth of Hercule Poirot's famous little grey cells, with a final tale featuring Miss Jane Marple. | ||
| 600 | 1 | 0 |
_aPoirot, Hercule _c(Fictitious character) _vFiction. |
| 600 | 1 | 0 |
_aMarple, Jane _c(Fictitious character) _vFiction. |
| 650 | 0 |
_aPrivate investigators _zBelgium _vFiction. |
|
| 650 | 0 |
_aWomen detectives _zEngland _vFiction. |
|
| 942 |
_2ddc _cFIC |
||